Detalles MARC
| 000 -LEADER |
| fixed length control field |
01535nam a2200433 a 4500 |
| 005 - FECHA ULTIMA MODIFICACION |
| control field |
20240702092736.0 |
| 008 - CAMPO DE CONTROL (LIBRO) |
| fixed length control field |
100510t1973||||sp a . f |||| 001 0 spa d |
| 041 ## - CODIGO DE IDIOMA |
| Código de idioma del texto/pista de sonido o título separado |
spa |
| 092 ## - SIGNATURA TOPOGRAFICA DEWEY LOCAL |
| número de clasificación |
611 |
| libristica |
82 |
| sección |
TES |
| 100 1# - ENTRADA PRINCIPAL--NOMBRE PERSONAL |
| Nombre personal |
Testut, L. |
| 9 (RLIN) |
145 |
| 245 ## - TITULO PROPIAMENTE DICHO |
| Título |
Tratado de Anatomía Humana. |
| Subtítulo y Título paralelo |
T.1 Osteologia. Artrología. Miología / |
| Mención de responsabilidad y remanente de la transcripción de la portada |
L. Testut |
| 250 ## - MENCION DE EDICION |
| Mención de edición |
9a ed. revisada, corregida y aumentada |
| Mención de responsabilidad relacionada con la ed. |
Dibujos de G. Devy y S. Dupret |
| 260 ## - PIE DE IMPRENTA |
| Lugar de publicación, distribución, etc |
Barcelona: |
| Nombre de la editorial, distribuidor, etc |
Salvat; |
| Fecha de publicación |
1973. |
| 300 ## - DESCRIPCION FISICA |
| Extension |
1198 p. |
| Otros detalles físicos |
1074 grabados, varios en color. |
| 500 ## - NOTA GENERAL |
| Nota general |
Testut, L. y Latarjet, A. (1973). Tratado de anatomía humana. T.1 Osteología. Artrología. Miología. (9a ed.). Barcelona : Salvat. |
| 653 ## - TÉRMINO INDIZADO - PALABRAS CLAVES |
| Palabra clave |
Osteología |
| 653 ## - TÉRMINO INDIZADO - PALABRAS CLAVES |
| Palabra clave |
Anatomía general |
| 653 ## - TÉRMINO INDIZADO - PALABRAS CLAVES |
| Palabra clave |
Columna vertebral |
| 653 ## - TÉRMINO INDIZADO - PALABRAS CLAVES |
| Palabra clave |
Esternón y costillas, tórax |
| 653 ## - TÉRMINO INDIZADO - PALABRAS CLAVES |
| Palabra clave |
Cabeza ósea |
| 653 ## - TÉRMINO INDIZADO - PALABRAS CLAVES |
| Palabra clave |
Miembros |
| 653 ## - TÉRMINO INDIZADO - PALABRAS CLAVES |
| Palabra clave |
Artrología |
| 653 ## - TÉRMINO INDIZADO - PALABRAS CLAVES |
| Palabra clave |
Anatomía general |
| 653 ## - TÉRMINO INDIZADO - PALABRAS CLAVES |
| Palabra clave |
Articulaciones de la columna vertebral |
| 653 ## - TÉRMINO INDIZADO - PALABRAS CLAVES |
| Palabra clave |
Articulaciones de la cabeza |
| 653 ## - TÉRMINO INDIZADO - PALABRAS CLAVES |
| Palabra clave |
Articulaciones del tórax |
| 653 ## - TÉRMINO INDIZADO - PALABRAS CLAVES |
| Palabra clave |
Articulaciones de los miembros |
| 653 ## - TÉRMINO INDIZADO - PALABRAS CLAVES |
| Palabra clave |
Miología |
| 653 ## - TÉRMINO INDIZADO - PALABRAS CLAVES |
| Palabra clave |
Anatomía general |
| 653 ## - TÉRMINO INDIZADO - PALABRAS CLAVES |
| Palabra clave |
Músculos de la cabeza |
| 653 ## - TÉRMINO INDIZADO - PALABRAS CLAVES |
| Palabra clave |
Músculos del cuello |
| 653 ## - TÉRMINO INDIZADO - PALABRAS CLAVES |
| Palabra clave |
Músculos de la región posterior del tronco y del cuello |
| 653 ## - TÉRMINO INDIZADO - PALABRAS CLAVES |
| Palabra clave |
Músculos del tórax |
| 653 ## - TÉRMINO INDIZADO - PALABRAS CLAVES |
| Palabra clave |
Músculos del abdomen |
| 653 ## - TÉRMINO INDIZADO - PALABRAS CLAVES |
| Palabra clave |
Músculos del miembro superior |
| 653 ## - TÉRMINO INDIZADO - PALABRAS CLAVES |
| Palabra clave |
Músculos del miembro inferior |
| 700 1# - ENTRADAS SECUNDARIAS - NOMBRE PERSONAL |
| Nombre personal |
Latarjet, A. |
| 9 (RLIN) |
146 |
| 942 ## - ADDED ENTRY ELEMENTS (KOHA) |
| Source of classification or shelving scheme |
Dewey Decimal Classification |
| Item type |
Libros |